Paises sin acceso a mar - Estadísticas

Estadísticas generales
  • Esta prueba ha sido intentada 151 veces
    150 desde el último reinicio
  • La puntuación promedio es 37 de 44
Estadísticas de respuestas
Continente y región Paises sin acceso al mar % Correcto
Sudamerica Bolivia
99%
Sudamerica Paraguay
96%
Rodeado completamente por Italia San Marino
96%
Europa Central Austria
94%
Rodeando completamente por Italia Vaticano
94%
África del Sur Lesoto
93%
Europa Central República Checa
93%
Noroeste de Europa Luxemburgo
92%
Asia Oriental Mongolia
92%
Europa Central Suiza
92%
Asia del Sur Nepal
91%
Suroeste de Europa Andorra
90%
Europa Central Eslovaquia
90%
Asia del Sur Bután
89%
Europa Central Hungría
89%
África Central República Centroafricana
88%
Asia Central Uzbekistán
88%
África Central Chad
87%
Asia Central Kazajistán
87%
Europa Central Liechtenstein
87%
Europa Balcanica Serbia
87%
África Oritanl Uganda
87%
Cuerno de África Etiopia
86%
Asia Central Kirguistán
86%
África Occidental Mali
86%
África Occidental Niger
86%
África Oriental Sudan del Sur
86%
Europa Balcanica Kosovo
85%
África del Sur Zambia
84%
Europa del Este Bielorrusia
83%
Europa del Este Moldavia
83%
Asia Central Turkmenistán
83%
África del Sur Zimbabue
83%
África del Sur Botsuana
82%
África del Sur Esuatini / Suazilandia
82%
Sureste de Europa Macedonia del Norte
82%
África Central Ruanda
81%
Asia del Sur Afganistan
80%
Cáucaso Azerbaiyán
80%
África Oriental Burundi
79%
Sudeste de Asia Laos
79%
África Occidental Burkina Faso
77%
Sureste de África Malaui
68%
Asia Central Tajikistán
20%
No se encontraron pruebas coincidentes
Distribución de puntuación
Porcentaje de gente con cada puntuación
Porcentaje por número respondido
Historial de tus puntuaciones
No has intentado esta prueba desde el último reinicio